00986nam a2200241Ia 450000100060000000300090000600800410001504000130005604000130006904100130008210000180009510000280011324501020014124500380024325000110028126000120029226000330030426000490033730000570038650002450044365000250068865000310071312548IT-RoPAU130308s9999 xx 000 0 und d aIT-RoPAU cIT-RoPAU aITALIANO aStoetzel Jean gCodice Aut. SPICS: 988 aComportamenti nelle folle (I)-I fenomeni di massa-L'opinione pubblica e l'informazione collettiva bProblemi di Psicologia Collettiva a1a ed. aVICENZA bCentro Studi Nicolo' Rezzara c1975 [1° Ed.:1975 - Ed.Ling.Originale:1964] a"27 p. (prefazione: no ; testo: 27 [pagine: 25-51])" aPsicologia delle folle Violenze ed Entusiasmi collettivi comportamenti nelle Catastrofi Psicologia dei Fenomeni di Massa Fenomeni collettivi della moda Voci nozione di Opinione Pubblica Informazione collettiva Fenomeni collettivi D'Opinione aSAGGI SUI MASS MEDIA eCodice materia Spics: 6111